| 000 | 00701cab a2200229 4500 | ||
|---|---|---|---|
| 001 | WB3006-37 | ||
| 008 | 090401t1994 xxu||||| |||| 00| 0 eng d | ||
| 035 | _a(Sirsi) u67133 | ||
| 041 | _aeng | ||
| 245 | _aForestry access measures attacked | ||
| 260 | _c1994 | ||
| 350 | _a0 | ||
| 490 |
_aScotsman _v7 February 1994, 14(1) |
||
| 520 | _aA report commissioned to acquaint the Forestry Review Group with public access arrangements to Forestry Commission land after sell-off is critical of existing procedures. | ||
| 650 | _aACCESS | ||
| 650 | _aFORESTRY COMMISSION | ||
| 650 | _aPRIVATISATION | ||
| 650 | _aPUBLIC ACCESS | ||
| 690 | _aRURAL PRACTICE | ||
| 942 | _n0 | ||
| 948 | _c04/03/1997 | ||
| 999 |
_c42004 _d42004 |
||